Statistiken für Fussballer nach Ablösesummen

Klicken Sie hier um das Quiz zu spielen!

Allgemein

  • Dieses Quiz wurde 114 mal gespielt
  • Das Durchschnittsergebnis liegt bei 6 aus 20

Antwortstatistiken

Wechsel 1Wechsel 2Wechsel 3Wechsel 4Wechsel 5Wechsel 6Wechsel 7-XAntwort% Korrekt
2013:
88
2017:
222
2023:
90
Neymar
76%
2003:
19
2009:
94
2021:
17
2023:
Ablösefrei
Christiano Ronaldo
71%
2007:
14,7
2013:
101
2020-2021:
Leihe
2024:
Ablösefrei
Gareth Bale
57%
2020
30,15
2023:
103
Jude Bellingham
43%
2011:
15
2013:
Leihe (3,5 Mio. Gebühr)
2014:
35,36
2017:
84,7
2019:
74
2021:
113
2022: Leihe (7,8 Mio Gebühr)Romelu Lukaku
43%
2016:
35
2017:
135
2023:
50
Ousmane Dembele
41%
2012:
Ablösefrei
2016:
105
2022:
ablösefrei
Paul Pogba
38%
2017:
0,1
2019:
8
2020:
20
2022:
60
Erling Haaland
37%
2001:
7,8
2004:
16
2016:
24,8
2009:
69,5
2010-2011
Leihe (6 Mio. Gebühr)
2011:
24
2012:
21
2016, 2018, 2020:
Ablösefrei

Zlatan Ibrahimovic
35%
2014:
30
2020:
120
2021-2023
Leihe (10 Mio Gebühr)
2023:
20
Antoine Griezmann
29%
2020:
80
2023:
75
Kai Havertz
24%
2023:
116,6
Declan Rice
23%
2006:
2,3
2009 - 2010:
Leihe
2014:
25
Toni Kroos
19%
2011:
7,35
2013:
45
2014:
75
2017:
Leihe (13 Mio. Gebühr
2020:
ablösefrei
2021:
8
2022:
ablösefrei
James Rodriguez
18%
2014:
3,15
2015-2015:
Leihe
2017:
13,7
2019:
87
Harry Maguire
17%
2016:
23
2020:
23
2022:
20
Timo Werner
14%
2019:
85,50
2022:
67
Matthijs de Ligt
13%
2021:
36,8
2023:
90
Josko Gvardiol
9%
2016:
52
2020:
48
Leroy Sane
9%
2007:
12
2013:
39
2016:
90
2018-2019:
Leihe (10,2 Mio Gebühr)
2019-2019:
Leihe (7,8 Mio Gebühr
2020:
Ablösefrei
Gonzalo Higuain
6%

Verteilung der Resultate

Perzentil nach korrekt beantworteten Fragen

Anzahl Personen mit jedem Resultat

Ihre Resultats-Entwicklung

Sie haben dieses Quiz noch nicht gespielt